<?xml version="1.0" encoding="UTF-8"?><?xml-stylesheet type="text/xsl" href="static/style.xsl"?><OAI-PMH xmlns="http://www.openarchives.org/OAI/2.0/" xmlns:xsi="http://www.w3.org/2001/XMLSchema-instance" xsi:schemaLocation="http://www.openarchives.org/OAI/2.0/ http://www.openarchives.org/OAI/2.0/OAI-PMH.xsd"><responseDate>2026-04-17T05:39:05Z</responseDate><request verb="GetRecord" identifier="oai:www.recercat.cat:2445/179831" metadataPrefix="marc">https://recercat.cat/oai/request</request><GetRecord><record><header><identifier>oai:recercat.cat:2445/179831</identifier><datestamp>2025-12-05T14:44:43Z</datestamp><setSpec>com_2072_1057</setSpec><setSpec>col_2072_478917</setSpec><setSpec>col_2072_478922</setSpec></header><metadata><record xmlns="http://www.loc.gov/MARC21/slim" xmlns:dcterms="http://purl.org/dc/terms/" xmlns:xsi="http://www.w3.org/2001/XMLSchema-instance" xmlns:doc="http://www.lyncode.com/xoai" xsi:schemaLocation="http://www.loc.gov/MARC21/slim http://www.loc.gov/standards/marcxml/schema/MARC21slim.xsd">
   <leader>00925njm 22002777a 4500</leader>
   <datafield ind2=" " ind1=" " tag="042">
      <subfield code="a">dc</subfield>
   </datafield>
   <datafield ind2=" " ind1=" " tag="720">
      <subfield code="a">Sabariego Puig, Marta</subfield>
      <subfield code="e">author</subfield>
   </datafield>
   <datafield ind2=" " ind1=" " tag="720">
      <subfield code="a">Izquierdo-Montero, Alberto</subfield>
      <subfield code="e">author</subfield>
   </datafield>
   <datafield ind2=" " ind1=" " tag="720">
      <subfield code="a">Ruiz Bueno, Antonio, 1958-</subfield>
      <subfield code="e">author</subfield>
   </datafield>
   <datafield ind2=" " ind1=" " tag="720">
      <subfield code="a">Noguera Pigem, Elena</subfield>
      <subfield code="e">author</subfield>
   </datafield>
   <datafield ind2=" " ind1=" " tag="260">
      <subfield code="c">2021-09-04T12:34:31Z</subfield>
   </datafield>
   <datafield ind2=" " ind1=" " tag="260">
      <subfield code="c">2021-09-04T12:34:31Z</subfield>
   </datafield>
   <datafield ind2=" " ind1=" " tag="260">
      <subfield code="c">2021-07-29</subfield>
   </datafield>
   <datafield ind2=" " ind1=" " tag="260">
      <subfield code="c">2021-09-04T12:34:31Z</subfield>
   </datafield>
   <datafield ind2=" " ind1=" " tag="520">
      <subfield code="a">En este artículo se presenta el estudio de la fiabilidad y validez del cuestionario «Infancia y Participación» diseñado en el marco de una investigación en curso para censar las formas de participación identificadas en los municipios que forman parte de la red de Ciudades Amigas de la Infancia y/o a la Asociación Internacional de Ciudades Educadoras. El cuestionario (en su doble versión, una para figuras técnicas y otra para cargos electos del contexto municipal) permitió describir los elementos y las prácticas características (referentes conceptuales, funcionales, organizativos y operativos) vinculados al ejercicio de la ciudadanía de la infancia en el ámbito local. En primer lugar, se presenta la fundamentación teórica y el modelo de participación del que se parte, a partir de la cual se concretan los objetivos, el contenido, y la estructura interna del instrumento. A continuación, se describe el procedimiento seguido para diseñar, comprobar y establecer la validación del cuestionario en un proceso participativo estructurado en 3 fases, tomando como criterio la temporalidad del procedimiento: la construcción de la versión inicial; la verificación y validación (prueba piloto) y, por último, la post validación por parte del equipo de investigación del proyecto marco. Se ofrecen los aspectos procedimentales y los resultados obtenidos desde el punto de vista de la validez ecológica del cuestionario, la fiabilidad como concordancia de criterio entre investigadores.</subfield>
   </datafield>
   <datafield tag="653" ind2=" " ind1=" ">
      <subfield code="a">Qüestionaris</subfield>
   </datafield>
   <datafield tag="653" ind2=" " ind1=" ">
      <subfield code="a">Participació educativa</subfield>
   </datafield>
   <datafield tag="653" ind2=" " ind1=" ">
      <subfield code="a">Infància</subfield>
   </datafield>
   <datafield tag="653" ind2=" " ind1=" ">
      <subfield code="a">Questionnaires</subfield>
   </datafield>
   <datafield tag="653" ind2=" " ind1=" ">
      <subfield code="a">School involvement</subfield>
   </datafield>
   <datafield tag="653" ind2=" " ind1=" ">
      <subfield code="a">Childhood</subfield>
   </datafield>
   <datafield ind2="0" ind1="0" tag="245">
      <subfield code="a">Validación por expertos del cuestionario “Infancia y Participación”</subfield>
   </datafield>
</record></metadata></record></GetRecord></OAI-PMH>